Movies Quiz

Random Movies or Box Office Quiz

Top 25 Grossing Franchises Quiz Stats

 Plays Quiz Updated Jan 22, 2015

Challenge
Share
Tweet
Score 0/25 Timer 06:00
1 Play Today
% Correct
Jurassic Park is correct
80.8%
Iron Man 2 is correct
73.1%
The Desolation of Smaug is correct
69.9%
Spider-Man 3 is correct
67.9%
Batman Begins is correct
67.7%
Raiders of the Lost Ark is correct
65.8%
The Wrath of Khan is correct
64.9%
The Empire Strikes Back is correct
63.6%
Mission Impossible: Ghost Protocol is correct
62.5%
The Hangover is correct
61.7%
Harry Potter and the Half Blood Prince is correct
57.3%
Rise of the Planet of the Apes is correct
55.7%
Madagascar 3: Europe's Most Wanted is correct
54.5%
% Correct
The Lord of the Rings: The Two Towers is correct
52.8%
Shrek 2 is correct
52%
Pirates of the Caribbean: Dead Man's Chest is correct
50%
Superman is correct
47.9%
Toy Story 3 is correct
47.7%
Fast Five is correct
47.4%
Mockingjay-Part 1 is correct
47.2%
Skyfall is correct
46.2%
X-Men: The Last Stand is correct
40%
Transformers is correct
37.2%
Twilight Eclipse is correct
36.7%
Ice Age is correct
34.8%

You're not logged in!

Compare scores with friends on all Sporcle quizzes.
OR
Log In

You Might Also Like...

Show Comments

Extras

Top Quizzes Today


Score Distribution

Your Account Isn't Verified!

In order to create a playlist on Sporcle, you need to verify the email address you used during registration. Go to your Sporcle Settings to finish the process.

Report this User

Report this user for behavior that violates our Community Guidelines.

Details: